000 00335 a2200157 4500
001 57113
020 _a8502030701
040 _cAnchieta - Pituba
100 _aLinsingen, Luana Von
240 1 0 _aO botão grená
_lpor
245 1 0 _aO botão grená
300 _a143
362 0 _a2000
650 4 _aLiteratura juvenil
942 _cBK
999 _c57113
_d57113